|
|
|
|
| LEADER |
01091nam a2200289Ia 4500 |
| 001 |
TVU_32038 |
| 008 |
210423s9999 xx 000 0 und d |
| 041 |
|
|
|a Vie
|
| 082 |
|
|
|a 343.597071
|
| 082 |
|
|
|b T120
|
| 100 |
|
|
|a Nguyễn, Chí Tâm
|
| 245 |
|
0 |
|a Pháp luật về trách nhiệm bồi thường thiệt hại khi bán hàng hóa kém chất lượng từ góc độ bảo vệ người tiêu dùng
|
| 245 |
|
0 |
|b Luận văn thạc sĩ. Chuyên ngành: Luật Dân sự và Tố tụng Dân sự. Mã ngành: 8380103
|
| 245 |
|
0 |
|c Nguyễn Chí Tâm ; Lê Vũ Nam (hướng dẫn khoa học)
|
| 260 |
|
|
|a Trà Vinh
|
| 260 |
|
|
|b Trường Đại học Trà Vinh
|
| 260 |
|
|
|c 2019
|
| 300 |
|
|
|a vii, 69 tr.
|
| 300 |
|
|
|b bảng
|
| 300 |
|
|
|c 30 cm
|
| 504 |
|
|
|a Thư mục: tr. 65-69
|
| 650 |
|
|
|a Bảo vệ người tiêu dùng
|
| 700 |
|
|
|a Nguyễn Chí Tâm; Lê Vũ Nam
|
| 700 |
|
|
|e hướng dẫn khoa học
|
| 710 |
|
|
|a Ủy ban Nhân dân tỉnh Trà Vinh
|
| 710 |
|
|
|b Trường Đại học Trà Vinh
|
| 980 |
|
|
|a Trung tâm Học liệu Trường Đại học Trà Vinh
|